000 00784nam0a22002411 4500
001 v19\rc\1645809
005 20250619001531.0
035 _a(NLR Aleph) 004758137
090 _a4569790
_c4569790
100 _a20061002d1887 |||y0rusy50 ca
101 0 _arus
102 _aRU
105 _ay z |||||
200 1 _aСведения для желающих поступить в Казанскую учительскую семинарию
210 _a[Казань]
_dценз. 1887
215 _a8 с.
309 _aБез тит. л. и обл.
710 0 2 _aКазанская учительская семинария
_9351313
_3RU\NLR\AUTH\889927847
801 0 _aRU
_bNLR
_gpsbo
801 1 _aRU
_bProSoft-M
_2rusmarc
852 _aNLR
_j18.319.1.267
942 _cBOOK
980 _aNB